Responses for Show #6445 - Friday, September 28, 2012

Contestants

[<< previous game]

Brendan DuBois, a mystery and suspense writer from Exeter, New Hampshire

Stephanie Kelleher, a controller from North Hollywood, California

Erica Mines, a high school English teacher originally from Washington, D.C. (whose 1-day cash winnings total $18,000)

[next game >>]

Jeopardy! Round responses

NORTH DAKOTA
(Alex: That's a good state.)
2-WORD RESPONSES
RUSSIAN FIRST NAME'S THE SAME
BEAUTY & MAKEUP
"B"4
(Alex: Each correct response will consist of four letters, and the word will begin with the letter B.)
AFTRA
    $200 14
milk

Erica
    $200 1
Free Parking

Erica
    $200 26
Ivan

Stephanie
    $200 12
tea bags

Stephanie
    $200 6
a bray

Stephanie
    $200 11
Dancing with the Stars

Erica
    $400 15
a buffalo

Brendan
    $400 2
the Keebler Elves

Brendan
    $400 27
Yuri

Stephanie
    $400 13
lipstick

Brendan
    $400 7
Baal

Erica
    $400 20
SAG

Erica
    $600 16
Bismarck

Erica
    $600 3
civil service

Triple Stumper
    $600 28
Igor

Stephanie
    $600 17
nail polish

Erica
    $600 8
a blot

Erica
    $600 21
the Oscars

Stephanie
    $800 24
the Rough Riders

Brendan
    $800 4
ethnic cleansing

Erica
    $800 29
Sergei

Stephanie
    $800 18
(Brendan: What is debrasion?)

dermabrasion

StephanieBrendan
    $800 9
a balm

Erica
    $800 22
Sesame Street

Brendan
    $1,500 25
Fargo

Brendan
    $1000 5
prince regent

Triple Stumper
    $1000 30
(Brendan: What is Popol?)

Nikolai

Brendan
Triple Stumper
    $1000 19
(Alex: From Zipporah.)

Sephora

Erica
    $1000 10
bide

Brendan
    $1000 23
(Brendan: What is [*] for television?)

T

Brendan

Scores at the first commercial break (after clue 15):

Erica Stephanie Brendan
$3,200 $400 $2,200

Scores at the end of the Jeopardy! Round:

Erica Stephanie Brendan
$5,800 $3,800 $4,500

Double Jeopardy! Round responses

FILL IN THE BLANK CANVAS
BAND NAME ORIGINS
GARDENS
NONFICTION
BRITISH KINGS NAMED EDWARD
LAST "DANCE"
(Alex: Each correct response will end with "dance".)
    $400 12
American

Stephanie
    $400 6
Duran Duran

Brendan
    $400 17
San Francisco

Stephanie
    $400 7
Normandy

Erica
    $400 22
(Erica: What is the Confessor?)

the King of France

EricaBrendan
    $400 1
attendance

Erica
    $800 13
Night Watch

Brendan
    $800 8
Foo Fighters

Brendan
    $800 18
South Africa

Brendan
    $800 27
Churchill

Erica
    $800 23
Hammer

Stephanie
    $800 2
riddance

Erica
    $1200 14
Avignon

Triple Stumper
    $1200 9
The Black Eyed Peas

Brendan
    $1200 19
oranges

Brendan
    $1200 28
Freud

Erica
    $1200 24
Henry VIII

Brendan
    $1200 3
avoidance

Stephanie
    $1600 15
a staircase

Erica
    $1600 10
Linkin Park

Stephanie
    $1600 20
the Bellagio

Stephanie
    $600 29
(Erica: [No response])
(Alex: It was very controversial--it was called [*].)
[The end-of-round signal sounds.]

Into Thin Air

Erica
    $1,200 25
(Alex: You had a choice--[*] or Lancaster--you picked the right one. [*] is correct.)

York

Brendan
    $1600 4
concordance

Stephanie
    $2000 16
Horatii

Triple Stumper
    $2000 11
Far East Movement

Triple Stumper
    $2000 21
(Alex: It's worth a visit if you're in British Columbia--[*].)

the Butchart Gardens

Triple Stumper
    $2000 26
Wallis Simpson

Brendan
    $2000 5
guidance

Triple Stumper

Scores at the end of the Double Jeopardy! Round:

Erica Stephanie Brendan
$10,000 $11,400 $14,500

[wagering suggestions for these scores]

Final Jeopardy! Round responses

TOYS & GAMES
(Alex: I'm the only one old enough to remember when they released it.)
EricaWhat is Twister?
$10,000
StephanieWhat is Twister?
$5,199
BrendanWhat is twister
$8,500
Twister

Final scores:

Erica Stephanie Brendan
$20,000 $16,599 $23,000
2nd place: $2,000 3rd place: $1,000 New champion: $23,000

Game dynamics:

Coryat scores:

Erica Stephanie Brendan
$10,600 $11,400 $14,400
17 R,
2 W
(including 1 DD)
15 R,
0 W
18 R
(including 2 DDs),
2 W

Combined Coryat: $36,400

[game clues] [game scores] [suggest correction]

Game tape date: 2012-07-25
The J! Archive is created by fans, for fans. Scraping, republication, monetization, and malicious use prohibited; this site may use cookies and collect identifying information. See terms. The Jeopardy! game show and all elements thereof, including but not limited to copyright and trademark thereto, are the property of Jeopardy Productions, Inc. and are protected under law. This website is not affiliated with, sponsored by, or operated by Jeopardy Productions, Inc. Join the discussion at JBoard.tv.